Naturaleza de los conflictos en el nuevo orden internacional: una visión latinoamericana /
El objetivo del artículo es estudiar los cambios acaecidos en el sistema internacional a fines de la década pasada, los cuales han ido configurando un nuevo ordenamiento del mundo y visualización de los nuevos desafíos en el ámbito internacional. Más aún, después del fin de la guerra fría y el reaco...
Salvato in:
| Autore principale: | |
|---|---|
| Natura: | testo |
| Soggetti: | |
| Tags: |
Aggiungi Tag
Nessun Tag, puoi essere il primo ad aggiungerne!!
|
MARC
| LEADER | 00000 a a2200000 04500 | ||
|---|---|---|---|
| 001 | 7686 | ||
| 003 | |||
| 040 | |||
| 100 | |a Millan C, Víctor | ||
| 245 | |a Naturaleza de los conflictos en el nuevo orden internacional: |b una visión latinoamericana / |c Víctor Millan C | ||
| 520 | |a El objetivo del artículo es estudiar los cambios acaecidos en el sistema internacional a fines de la década pasada, los cuales han ido configurando un nuevo ordenamiento del mundo y visualización de los nuevos desafíos en el ámbito internacional. Más aún, después del fin de la guerra fría y el reacondicionamiento de los bloques de poder, la región ha tenido que acondicionarse al sistema internacional ante los nuevos desafíos en la agenda internacional de las políticas exteriores y de defensa frente a las estructuras de poder. La década del 90 se inicia en un momento desconcertante para América Latina y el Caribe. La región tiene el número más bajo de dictaduras militares en lo que va del siglo, pero es aquí también donde las democracias aún no logran consolidarse y las políticas neoliberales no se muestran capaces de resolver los crecientes problemas de pobreza, desempleo, analfabetismo, desnutrición e insalubridad. Todos ellos representan problemas para los gobiernos de la región en el futuro, aún queda por resolver las situaciones que preocupan a las relaciones internacionales: el narcoterrorismo, la ingobernabilidad, las migraciones, el racismo y el medio ambiente, entre otros. Por el tipo de desarrollo e interdependencia de las economías de los países, en los años 90 las políticas de los países en desarrollo y los altamente industrializados tenderán a formar bloques económicos, ya sea entre ellos mismos o entre los subdesarrollados, sin dejar de mencionar la formación de posibles bloques económico-políticos dentro de la región, independientemente de los grados de desarrollo. HB/MR | ||
| 650 | |a POLITICA EXTERIOR | ||
| 650 | |a RELACIONES INTERNACIONALES | ||
| 650 | |a DEMOCRACIA | ||
| 650 | |a NEOLIBERALISMO | ||
| 650 | |a POBREZA | ||
| 650 | |a EMPLEO | ||
| 650 | |a MIGRACION | ||
| 773 | |g volumen 4, número 7; páginas 47-55 | ||
| 999 | |c 37566 |d 37566 | ||
